Informácie a materiály pre riadenie a metodiku v JSK na Slovensku 176

Uložené v:
Podrobná bibliografia
Médium: Kniha
Jazyk:Slovak
Vydavateľské údaje: Martin Matica slovenská 1988
Edícia:Metodika a propagácia
Tagy: Pridať tag
Žiadne tagy, Buďte prvý, kto otaguje tento záznam!

MARC

LEADER 00000nam a2200000 4500
001 c028552
005 20260121100634.8
041 0 |a slo 
044 |a SK 
245 1 0 |a Informácie a materiály pre riadenie a metodiku v JSK na Slovensku 176 
264 1 |a Martin  |b Matica slovenská  |c 1988 
300 |a 91 s. 
490 1 |a Metodika a propagácia 
830 0 |a Metodika a propagácia